| 000 | 00880cas a22003014i 4500 | ||
|---|---|---|---|
| 999 |
_c49429 _d49429 |
||
| 001 | 116 | ||
| 003 | CO-MdFUSB | ||
| 005 | 20180601093003.0 | ||
| 008 | 151030s2000 ck 000 0 spa d | ||
| 022 | _a0122-3577 | ||
| 037 | _bEditorial Cinco Cultural S.A. | ||
| 040 |
_aCO-MdFUSB _bspa _cCO-MdFUSB _dCO-MdFUSB _erda |
||
| 041 | 0 |
_aspa _hspa |
|
| 043 | _ack | ||
| 245 | 1 | 0 |
_aRevista muy interesante _b: la revista para saber mas de todo _c/ Editora Cinco Cultural |
| 260 | _aBogotá, Colombia | ||
| 264 |
_aColombia : _bEditora Cinco Cultural, _c1985 |
||
| 300 |
_aVolumen 13-18 _c28 cm. |
||
| 310 | _aNo aplica | ||
| 336 |
_2rdacontent _atexto _btxt |
||
| 337 |
_2rdamedia _asin mediación _bn |
||
| 338 | _avolumen | ||
| 362 | _a2000 | ||
| 650 | _vPublicaciones seriadas | ||
| 773 | _dBogotá, Colombia, Muy interesante 2000 | ||
| 810 | _hRevista | ||
| 942 |
_cCR _2ddc |
||